000 00535cam a2200193ua 4500
001 1512
008 110712n ii |||gr||||Z||||||asm
040 _cMAIN
082 _a338.9
100 _aBorgohain, Karunakanta,
_eAuthor.
245 1 _aArthanaitik unnyan aru parikalpana
_cby Karunakanta Borgohain
250 _a1st.
260 _aDibrugarh:
_bBanalata,988.
_aGuahati:
300 _a220p:
_c23cm.
653 _aEconomics
653 _aArthanaitik unnyan aru parukalpana
700 _aPhukan, Ranjan Kumar,
_eAuthor.
942 _cBK
999 _c1401
_d1401